000 01441nam a22002297a 4500
999 _c57844
_d57844
003 Ge_BSU
005 20210315184517.0
008 210315s2013 ge ||||| |||| 00| 0 geo d
020 _a9789994090310
041 _ageo
080 _a528.9 ლ-22
100 _aლაოშვილი, ზურაბ
_910456
245 _aგამოყენებითი კარტოგრაფიის საფუძვლები :
_bგეოინფორმაციული სისტემების სპეციალისტებისათვის /
_cზურაბ ლაოშვილი ; [რედ. თეა თაბაგარი]. სამეცნ. რედაქტორები სპარტაკ ასლანიშვილი, თენგიზ გორდეზიანი
264 _aთბ. :
_bგეოიდი,
_c2013.
300 _a103 გვ. :
_bნახ.
_c20 სმ.
504 _aბიბლიოგრ. გვ. 102-103
653 _a გამოყენებითი კარტოგრაფია
700 _aთაბაგარი, თეა
_eრრედაქტორი
_910457
700 _a ასლანიშვილი, სპარტაკ
_eსამეცნ. რედაქტორი
_910458
700 _aგორდეზიანი, თენგიზ
_eსამეცნ. რედაქტორი
_910459
942 _2udc
_cBK